000 00219nam a2200109 4500
999 _c533554
_d533554
040 _cDLC
082 _a813.54
_bUSA
100 _aDavid Baldacci
_927490
245 _aSimple Genius
300 _a420p
942 _2ddc
_cBK